书目信息 |
| 题名: |
细菌名称英解汉译词典
|
|
| 作者: | 杨瑞馥 陶天申 | |
| 分册: | ||
| 出版信息: | 北京 军事医学科学出版社 2000 |
|
| 页数: | 614 | |
| 开本: | 20cm | |
| 丛书名: | ||
| 单 册: | ||
| 中图分类: | Q93-61 | |
| 科图分类: | ||
| 主题词: | 微生物学 | |
| 电子资源: | ||
| ISBN: | 7-80121-220-7 | |
| 000 | 00572nam0 2200181 450 | |
| 001 | 0741144344 | |
| 005 | 20070817112544.34 | |
| 010 | @a7-80121-220-7@b精装@d¥48.00 | |
| 100 | @a20070817d km y0chiy0120 ea | |
| 101 | 0 | @achi |
| 200 | 1 | @a细菌名称英解汉译词典@Axi jun ming cheng ying jie han yi ci dian@f杨瑞馥 陶天申@Fyang rui fu tao tian shen |
| 210 | @a北京@c军事医学科学出版社@d2000 | |
| 215 | @a614@d20cm | |
| 606 | 0 | @a微生物学 |
| 690 | @aQ93-61@v3 | |
| 701 | 0 | @a杨瑞馥 陶天申@Ayang rui fu tao tian shen |
| 801 | 0 | @aCN@bPFT@c20070817 |
| 905 | @a213230@dQ93-61@en2@f1 | |
| 细菌名称英解汉译词典/杨瑞馥 陶天申.-北京:军事医学科学出版社,2000 |
| 614;20cm |
| ISBN 7-80121-220-7(精装):¥48.00 |
| ● |
| 相关链接 |
|
|
|
|
正题名:细菌名称英解汉译词典
索取号:Q93-61/n2
 
预约/预借
| 序号 | 登录号 | 条形码 | 馆藏地/架位号 | 状态 | 备注 |
| 1 | 6601552 | 266015527 | 密集书库-生命科学系/ [索取号:Q93-61/n2] | 在馆 |